German Darts Grand Prix - Statistiken

Allgemein
  • Dieses Quiz wurde 231 mal gespielt
    76 seit der letzten Aktualisierung
  • Das Durchschnittsergebnis liegt bei 7 aus 7
Antwortstatistiken
Jahr Nationalität Sieger % Korrekt
2017 Niederlande Michael van Gerwen
100%
2018 Niederlande Michael van Gerwen
100%
2019 Niederlande Michael van Gerwen
100%
2022 England Luke Humphries
97%
2024 England Luke Humphries
97%
2025 Niederlande Michael van Gerwen
87%
2023 England Michael Smith
76%
Keine übereinstimmenden Quizze gefunden
Verteilung der Resultate
Anzahl Personen mit jedem Resultat
Perzentil nach korrekt beantworteten Fragen
Ihre Resultats-Entwicklung
Sie haben dieses Quiz seit der letzten Aktualisierung nicht gespielt